ბათუმის შოთა რუსთაველის სახელმწიფო უნივერსიტეტის ბიბლიოთეკა

ეკონომიკა : (ბიბ.ჩანაწერი № 56492)

000 -ლიდერი
ფიქსირებული სიგრძის საკონტროლო ველი 01278nam a2200265Ia 4500
001 - საკონტროლო ნომერი
საკონტროლო ველი 23605
003 - საკონტროლო ნომრის იდენტიფიკატორი
საკონტროლო ველი GE_BSU
005 - ბოლო ოპერაციის თარიღი და დრო
საკონტროლო ველი 20200131100901.0
008 - ფიქსირებული სიგრძის მონაცემთა ელემენტები - ზოგადი ინფორმაცია
ფიქსირებული სიგრძის საკონტროლო ველი 181216s2005||||ge |||||||||||||| ||geo||
020 ## - წიგნის საერთაშორისო სტანდარტული ნომერი
International Standard Book Number 9994074636
040 ## - კატალოგიზაციის წყარო
Transcribing agency GE_BSU
041 ## - ენის კოდი
Language code of text/sound track or separate title geo
080 ## - უნივერსალური ათობითი კლასიფიკაციის ინდექსი
Universal Decimal Classification number 330.1(075.3) ა-87
100 ## - მთავარი ჩანაწერი - პიროვნების სახელი
Personal name ასათიანი, როზეტა
9 (RLIN) 690
245 ## - ცნობა სათაურის შესახებ
Title ეკონომიკა :
Statement of responsibility, etc როზეტა ასათიანი ; მეცნ. რედ : ლეო ჩიქავა ; მხატვ : ა. ბუაძე.
Remainder of title საშ. სკოლის მე-7 კლ. სახელმძღვ. /
264 ## - წარმოების, გამოცემის, დისტრიბუციის და სხვა ცნობები
გამოცემის, წარმოების, დისტრიბუციის... ადგილი თბილისი :
გამოცემის, წარმოების, დისტრიბუციის... სახელწოდება სიახლე,
გამოცემის, წარმოების, დისტრიბუციის... თარიღი 2005.
300 ## - ფიზიკური აღწერა
Extent 93 გვ. :
Other physical details ფოტ. :
Dimensions 20 სმ.
500 ## - ზოგადი შენიშვნა
General note ეკონ. ლექს. სტატ. საძიებ. გვ. 85-91
653 ## - INDEX TERM--UNCONTROLLED
Uncontrolled term ეკონომიკის სახელმძღვანელოები
700 ## - ADDED ENTRY--PERSONAL NAME
Personal name ჩიქავა, ლეო
Relator term მეცნიერ რედაქტორი
9 (RLIN) 691
700 ## - ADDED ENTRY--PERSONAL NAME
Personal name ბუაძე, ა
Relator term მხატვარი
9 (RLIN) 4627
856 ## - ELECTRONIC LOCATION AND ACCESS
Uniform Resource Identifier http://dspace.nplg.gov.ge/bitstream/1234/15716/1/Ekonomika_VII_Klasiss.pdf
Link text ელ. ვერსია, pdf
942 ## - ADDED ENTRY ELEMENTS (KOHA)
Koha item type წიგნი
Source of classification or shelving scheme
ეგზემპლარები
ჩამოწერის სტატუსი დაკარგული ეგზემპლარის სტატუსი კლასიფიკაციის წყარო ან თაროზე გაწყობის სქემა დაზიანების სტატუსი არ გაიცემა მუდმივი მდებარეობა (დაცვის ადგილი) ამჟამინდელი ადგილსამყოფელი თაროზე განთავსების ადგილი შეძენის თარიღი ღირებულება, შესყიდვის ნორმალური ფასი სრული შენახვის შიფრი შტრიხკოდი ბოლო ოპერაციის თარიღი ეგზემპლარის მიმდევრობითი ნომერი (კეტერი?) ფასის ძალაში შესვლის თარიღი ეგზემპლარის სახეობა საჯარო შენიშვნა
          ბათუმის შოთა რუსთაველის სახელმწიფო უნივერსიტეტის მთავარი ბიბლიოთეკა ბათუმის შოთა რუსთაველის სახელმწიფო უნივერსიტეტის მთავარი ბიბლიოთეკა წიგნსაცავი 2018-12-17 5.00 330.1(075.3) ა-87 58788 2018-12-17 58788 2018-12-17 წიგნი 5.00
          ბათუმის შოთა რუსთაველის სახელმწიფო უნივერსიტეტის მთავარი ბიბლიოთეკა ბათუმის შოთა რუსთაველის სახელმწიფო უნივერსიტეტის მთავარი ბიბლიოთეკა წიგნსაცავი 2024-10-18 10.00 330.1(075.3) ა-87 496 2024-10-18 496 2024-10-18 წიგნი 10.00
          ბათუმის შოთა რუსთაველის სახელმწიფო უნივერსიტეტის მთავარი ბიბლიოთეკა ბათუმის შოთა რუსთაველის სახელმწიფო უნივერსიტეტის მთავარი ბიბლიოთეკა წიგნსაცავი 2024-10-18 10.00 330.1(075.3) ა-87 495 2024-10-18 495 2024-10-18 წიგნი 10.00